The Public Historian

محفوظ في:

التنسيق: دورية

اللغة: Undetermined

منشور في: JSTOR
University of California Press

الموضوعات:

الوصول للمادة أونلاين: Login to view Source

الوسوم: إضافة وسم

لا توجد وسوم, كن أول من يضع وسما على هذه التسجيلة!

رقم الطلب:

LEADER 00540nas a2200181Ia 4500
008 220214c99999999xx |||||||||||| ||und||
022 |a 0272-3433 
022 |a 1533-8576 
245 0 4 |a The Public Historian 
264 1 |b JSTOR 
264 1 |b University of California Press 
362 0 |a Vol. 1(1978)-39 (2017) 
653 1 0 |a Humanities 
653 1 0 |a Museum Studies 
856 4 0 |u https://www.jstor.org/journal/publichistorian 
942 |c JL 
952 |0 0  |1 0  |4 0  |7 1  |9 36814  |a JSR  |b JSR  |d 2022-02-14  |l 0  |r 2022-02-14 00:00:00  |w 2022-02-14  |y JL 
999 |c 45146  |d 45146